Vainqueurs de la Coupe d'Europe de rugby - Mort subite. - Statistiques

Statistiques générales
  • Ce quiz a été pris 57 fois
  • Le résultat moyen est 7 sur 14
Answers on the Grid
Answers color-coded by a green-red scale on the quiz's grid according to % correct below.
Northampton Saints
Stade toulousain
CA Brive
Stade rochelais
Leinster
Munster
Ulster
Bath rugby
Leicester Tigers
London Wasps
Saracens
Union Bordeaux Bègles
Exeter Chiefs
ASM Clermont
Racing 92
Stade français
Biarritz olympique
Newcastle Falcons
Harlequins
Bristol Bears
Scarlets
Cardiff Blues
RC Toulon
Connacht
Ospreys
USA Perpignan
Castres olympique
Glasgow Warriors
Edimbourg rugby
Gloucester rugby
London Irish
Benetton Trévise
 
Statistiques - réponses
Réponse % Correct
Stade toulousain
65%
Leinster
63%
Union Bordeaux Bègles
63%
RC Toulon
58%
Munster
53%
Saracens
53%
Stade rochelais
53%
Leicester Tigers
45%
CA Brive
40%
Northampton Saints
40%
London Wasps
35%
Exeter Chiefs
30%
Ulster
30%
Bath rugby
25%
Aucun quiz correspondant
Distribution des résultats
% des personnes avec chaque résultat
Percentile par nombre de réponses
Votre historique - résultats
Vous n’avez pas pris ce quiz